Spracovanie gravimetrických meraní v prostredí MATLAB

Salvato in:
Dettagli Bibliografici
Autore principale: Chmara, Juraj, 1987- (Autore)
Altri autori: Mikolaj, Michal, 1983- (Relatore della tesi)
Natura: Manoscritto Libro
Lingua:slovacco
Pubblicazione: Bratislava : STU v Bratislave SvF, 2013
Soggetti:
Accesso online:VAIS
Tags: Aggiungi Tag
Nessun Tag, puoi essere il primo ad aggiungerne!!

MARC

LEADER 00000ntm a22000003a 4500
001 stu272113
005 20150617230237.5
008 130720s2013----xo------------------slo-d
040 |a STU  |b slo 
041 0 |a slo 
044 |a xo 
100 1 |a Chmara, Juraj,  |d 1987-  |4 aut  |u V  |T SvF Stavebná fakulta  |X 7178  |U V  |Y 10  |7 A000007178 
242 0 0 |a Processing of gravity measurements in MATLAB environment  |y eng 
245 1 |a Spracovanie gravimetrických meraní v prostredí MATLAB 
260 |a Bratislava :  |b STU v Bratislave SvF,  |c 2013 
650 7 |a geodézia a kartografia  |2 stusub 
650 7 |a Geodesy and Cartography  |2 estusub 
700 1 |a Mikolaj, Michal,  |d 1983-  |4 ths  |X 68186  |7 A000068186 
856 4 |a info a plný text  |u http://is.stuba.sk/zp/portal_zp.pl?podrobnosti=79855  |3 VAIS